| 000 | 00343nam a2200145Ia 4500 | ||
|---|---|---|---|
| 005 | 20251222144743.0 | ||
| 008 | 251222s9999||||xx |||||||||||||| ||spa|| | ||
| 020 | _a978-0-8036-2202-9 | ||
| 082 | _a612.3/L95 | ||
| 100 | _aLutz, Carroll A. | ||
| 245 | 0 | _aNutrición y Dietoterapia | |
| 250 | _a5a.ed. | ||
| 264 | _bMcGraw-Hill | ||
| 942 | _cLIB | ||
| 999 |
_c19050 _d19050 |
||